Sơ lược lịch sử Trung Quốc
v.v...
Đã lưu trong:
| Tác giả chính: | |
|---|---|
| Định dạng: | Sách |
| Năm xuất bản: |
H.:
Văn hóa - thông tin,
2002.
|
| Chủ đề: | |
| Tags: |
Thêm thẻ
Không có thẻ, Hãy là người đầu tiên gắn thẻ bản ghi này!
|
| LEADER | 00520nam a2200145 4500 | ||
|---|---|---|---|
| 082 | |a 951 |b Đ455T | ||
| 100 | |a Đổng Tập Minh | ||
| 245 | |a Sơ lược lịch sử Trung Quốc |c Đổng Tập Minh | ||
| 260 | |a H.: |b Văn hóa - thông tin, |c 2002. | ||
| 300 | |a 455 tr.; |c 19 cm. | ||
| 520 | |a v.v... | ||
| 653 | |a Lịch sử Trung Quốc | ||
| 942 | |2 ddc |c SH | ||
| 999 | |c 11259 |d 11259 | ||
| 952 | |0 0 |1 0 |2 ddc |4 0 |6 951_000000000000000_Đ455T |7 0 |8 900 |9 96609 |a qbu |b qbu |c D5 |d 2015-10-02 |g 44000 |o 951 Đ455T |p 100640.c1 |r 2015-10-29 |w 2015-10-02 |y SH | ||